000
00309nam a22001337a 4500
008
180913b xxu||||| |||| 00| 0 eng d
020
_a
9780201662245
041
_a
eng
080
_a
510
100
_a
38
101
_a
MAT
245
_a
Basic Mathematics Through Applications
_c
Akst.G
942
_2
udc
_c
BK
999
_c
47736
_d
47736